000
00319 a2200157 4500
001
183358
020
_a
040
_c
Magnum
100
_a
Allen, Garland Edward
240
1
0
_a
Estudo da biologia 1
_l
por
245
1
0
_a
Estudo da biologia 1
300
_a
366
362
0
_a
1975
697
_a
BIOLOGIA
942
_c
BK
999
_c
183358
_d
183358